Información y libertad /

El artículo parte de la concepción de que la libertad y la información se encuentran ligadas e inmersas en una democracia, por lo que al abordar dicha vinculación, es inevitable concebir los procesos de información como una forma de participación.

Na minha lista:
Detalhes bibliográficos
Autor principal: Romano, Vicente
Formato: Texto
Assuntos:
Tags: Adicionar Tag
Sem tags, seja o primeiro a adicionar uma tag!

MARC

LEADER 00000 a a2200000 04500
001 41311
003
040
100 |a Romano, Vicente  
245 |a Información y libertad /  |c Vicente Romano  
520 |a El artículo parte de la concepción de que la libertad y la información se encuentran ligadas e inmersas en una democracia, por lo que al abordar dicha vinculación, es inevitable concebir los procesos de información como una forma de participación.  
590 |a SJB/AGOSTO2011  
650 |a 1.LIBERTAD  
650 |a 2.INFORMACION  
650 |a 3.ACCESO A LA INFORMACION  
650 |a 4.LIBERTAD DE INFORMACION  
650 |a 5.DERECHOS HUMANOS  
650 |a 6.PARTICIPACION SOCIAL  
650 |a 7.PARTICIPACION POLITICA  
773 |g número12 ( , 2006), páginas 74-79  
999 |c 37228  |d 37228